[Event "Bremen Silvester op-A"]
[Site "Bremen"]
[Date "2022.12.29"]
[Round "6"]
[White "Gieseler, Felix"]
[Black "Hentrop, Malte"]
[Result "1/2-1/2"]
[WhiteElo "1937"]
[BlackElo "1806"]
[PlyCount "94"]
[EventDate "2022.12.27"]
[EventType "swiss"]
[EventRounds "7"]
[EventCountry "GER"]
[SourceTitle "CBM 211 Extra"]
[Source "ChessBase"]
[SourceDate "2023.01.31"]
[SourceVersion "1"]
[SourceVersionDate "2023.01.31"]
[SourceQuality "1"]

1. e4 e5 2. Nf3 Nc6 3. Bc4 Bc5 4. Nc3 Nf6 5. d3 d6 6. Bg5 h6 7. Bxf6 Qxf6 8. Nd5 Qd8 9. c3 Na5 10. b4 Nxc4 11. bxc5 Na5 12. 0-0 0-0 13. cxd6 Qxd6 14. h3 Be6 15. Ne3 Rfd8 16. Qa4 Nc6 17. Rfd1 Bd7 18. Qb3 Rab8 19. d4 exd4 20. cxd4 Qf4 21. Qc2 Bxh3 22. Nd5 Qg4 23. Ne1 Rd6 24. Kf1 Re8 25. Ne3 Bxg2+ 26. N1xg2 Qxe4 27. Qxe4 Rxe4 28. d5 Ne7 29. Rac1 c6 30. Nc4 Rxd5 31. Rxd5 Nxd5 32. Na5 Rb4 33. Rc2 Kf8 34. Ne1 Ke7 35. Nd3 Rb1+ 36. Kg2 Kf6 37. Rd2 g5 38. Nb2 Ra1 39. Nd3 Nc3 40. Nxb7 Rxa2 41. Rxa2 Nxa2 42. Nd8 Nc3 43. Nxc6 a6 44. Nc5 Kf5 45. Nxa6 Ke6 46. Nd8+ Ke7 47. Nc6+ Kd6 1/2-1/2

[Event "Bremen Silvester op-A"]
[Site "Bremen"]
[Date "2022.12.28"]
[Round "3"]
[White "Ruddat, Jarne"]
[Black "Gieseler, Felix"]
[Result "1/2-1/2"]
[WhiteElo "1699"]
[BlackElo "1937"]
[PlyCount "106"]
[EventDate "2022.12.27"]
[EventType "swiss"]
[EventRounds "7"]
[EventCountry "GER"]
[SourceTitle "CBM 211 Extra"]
[Source "ChessBase"]
[SourceDate "2023.01.31"]
[SourceVersion "1"]
[SourceVersionDate "2023.01.31"]
[SourceQuality "1"]

1. e4 e5 2. Nf3 Nf6 3. Nxe5 d6 4. Nf3 Nxe4 5. Nc3 Nxc3 6. dxc3 Be7 7. Be3 Nc6 8. Bd3 Bg4 9. h3 Bh5 10. g4 Bg6 11. Bb5 Be4 12. Qe2 a6 13. Bd3 Bxd3 14. cxd3 Qd7 15. Nd4 0-0-0 16. 0-0-0 Rde8 17. Qd2 h5 18. f3 g6 19. Kb1 Bf6 20. Nc2 Bg7 21. Rhg1 Ne5 22. Qg2 Qb5 23. Bd4 c5 24. Na3 Qa4 25. Bxe5 Bxe5 26. Nc4 Qb5 27. Rge1 Kc7 28. Nxe5 Rxe5 29. Rxe5 dxe5 30. Qe2 f6 31. Rg1 hxg4 32. hxg4 g5 33. b3 Rh3 34. Kc2 Qc6 35. Rf1 Qd5 36. Qg2 Rh7 37. Rh1 Rxh1 38. Qxh1 Kc6 39. Qg2 b5 40. Qe2 a5 41. c4 Qd4 42. Qe4+ Kb6 43. Qxd4 exd4 44. a4 bxa4 45. bxa4 Kc6 46. Kd2 Kd6 47. Ke2 Ke5 48. Kf1 f5 49. gxf5 Kxf5 50. Kg1 g4 51. fxg4+ Kxg4 52. Kg2 Kf4 53. Kf2 Kg4 1/2-1/2